000
00232nam a22000857a 4500
008
161101b xxu||||| |||| 00| 0 eng d
100
_9
999
_a
Arora.S.
245
_a
Information Practices-XII
260
_a
New Delhi
_b
Dhanpad Publications
_c
2012
999
_c
3659
_d
3659